01368naa#a2200253#i#4500001001600000005001700016011001400033100004100047101000800088102000700096200032900103210008300432215001000515608004500525675011000570700006000680700007000740700005200810700006400862700005400926700006000980700005401040856002001094RU\\bibl\12534920260630021901.2##a2077-7566##a20260629b2026####ek#y0rusy0150####ca0#aRUS##aRU1#aМОРФОМЕТРИЧЕСКАЯ И РЕНТГЕНОЛОГИЧЕСКАЯ ОЦЕНКА РЕПАРАТИВНОГО ОСТЕОГЕНЕЗА В ЗАВИСИМОСТИ ОТ СОСТАВА ОСТЕОПЛАСТИЧЕСКОГО МАТЕРИАЛА ПРИ ОТКРЫТОМ СИНУС-ЛИФТИНГЕeЖурнальная статья1#aЕкатеринбургcИздательский Дом «ТИРАЖ»d2026##a7 с.##aЖурнальная статья2local##aСтоматология. Заболевания ротовой полости и зубов. 616.31zRUS#1aЧередниковgСергей Михайлович#1aБрайловскаяgТатьяна Владиславовна#1aЗайцеваgЛидия Николаевна#1aПетрушинаgЕкатерина Михайловна#1aВолошинаgОльга Алексеевна#1aМарченкоgСветлана Васильевна#1aШароваgСвелана Алексеевна4#adental-press.ru